Las primeras tierras descubiertas por Colón (Record no. 160100)

MARC details
000 -LEADER
campo de control de longitud fija 01109nam a2200241 i 4500
001 - NÚMERO DE CONTROL
campo de control 160100
003 - IDENTIFICADOR DE NÚMERO DE CONTROL
campo de control ES-MaACL
005 - FECHA Y HORA DE LA ÚLTIMA TRANSACCIÓN
campo de control 20250407063119.0
008 - DATOS DE LONGITUD FIJA--INFORMACIÓN GENERAL
campo de control de longitud fija 950410s1892 sp af |||| | spa d
040 ## - FUENTE DE CATALOGACIÓN
Centro catalogador/agencia de origen EUS
Lengua de catalogación spa
Centro/agencia transcriptor EUS
100 1# - ENTRADA PRINCIPAL--NOMBRE DE PERSONA
Nombre de persona Montojo, Patricio,
Fechas asociadas al nombre 1839-1917
9 (RLIN) 82670
245 14 - MENCIÓN DEL TÍTULO
Título Las primeras tierras descubiertas por Colón
Resto del título : ensayo crítico /
Mención de responsabilidad, etc. por Patricio Montojo ; con la traducción al idioma francés...
260 ## - PUBLICACIÓN, DISTRIBUCIÓN, ETC.
Lugar de publicación, distribución, etc. Madrid :
Nombre del editor, distribuidor, etc. [s.n.],
Fecha de publicación, distribución, etc. 1892 (
Fabricante Establecimiento Tipográfico Sucesores de Rivadeneyra)
300 ## - DESCRIPCIÓN FÍSICA
Extensión 50 p., [4] h., III h. pleg. de mapa ;
Dimensiones 33 cm.
530 ## - NOTA DISPONIBLE DE FORMULARIO FÍSICO ADICIONAL
Nota de formato físico adicional disponible Disponible en formato digital.
546 ## - NOTA DE IDIOMA
Nota de lengua/lenguaje Texto en francés y español.
600 14 - PUNTO DE ACCESO ADICIONAL DE MATERIA--NOMBRE DE PERSONA
Nombre de persona Colón, Cristóbal-
Subdivisión general Familia.
9 (RLIN) 157860
651 #4 - PUNTO DE ACCESO ADICIONAL DE MATERIA--NOMBRE GEOGRÁFICO
Nombre geográfico América-
Subdivisión general Descubrimientos y exploraciones-
-- Españoles.
9 (RLIN) 138324
852 ## - LOCALIZACIÓN
Ubicación ES-MaACL
Número de control de estantería T-991-F-8
Nota libre -- Enc. hol. conservando la cub. original
-- -- Donativo del autor, 1901
-- -- Enc. en un vol. facticio
856 ## - LOCALIZACIÓN Y ACCESO ELECTRÓNICOS
Identificador Uniforme de Recursos <a href="http://bdh-rd.bne.es/viewer.vm?id=0000088257&page=1 ">http://bdh-rd.bne.es/viewer.vm?id=0000088257&page=1 </a>
Nota pública Biblioteca Digital Hispánica
Holdings
Estatus retirado Estado de pérdida Fuente del sistema de clasificación o colocación Estado de daño No para préstamo Colección Biblioteca de origen Biblioteca actual Ubicación en estantería Fecha de adquisición Total de préstamos Signatura topográfica completa Código de barras Visto por última vez Precio de reemplazo Tipo de ítem Koha
    Clasificación decimal universal     Colección de folletos Biblioteca del Ateneo de Madrid Biblioteca del Ateneo de Madrid Depósito folletos 17/01/2008   T-991-F-8 1167612 23/02/2023 23/02/2023 Folleto